[Event "Krajský pøebor jednotlivcù KHŠS 2014"]
[Site "Janske Lazne"]
[Date "2014.05.07"]
[Round "3.2"]
[White "Valenta, Vit"]
[Black "Moravec, Vit"]
[Result "0-1"]
[WhiteElo "2137"]
[BlackElo "2177"]
[PlyCount "94"]
[EventDate "2014.05.06"]

1. f4 d5 2. Nf3 Nf6 3. g3 c5 4. Bg2 Nc6 5. e3 e6 6. O-O Be7 7. b3 O-O 8. Bb2 b5
9. Nc3 Qb6 10. Ne2 a5 11. h3 Ba6 12. Kh2 b4 13. d3 a4 14. Rb1 axb3 15. axb3
Rad8 16. Qe1 c4 17. bxc4 dxc4 18. Nfd4 Nxd4 19. Bxd4 Qb5 20. Bxf6 gxf6 21. Nd4
Qc5 22. Ra1 Rd6 23. Qd1 f5 24. g4 Bf6 25. gxf5 Bxd4 26. exd4 Qxd4 27. Ra5 exf5
28. Qf3 cxd3 29. cxd3 Qxd3 30. Qf2 Rg6 31. Rfa1 Rc8 32. R1a2 b3 33. Rd2 Rc2 34.
Rd5 Rxd2 35. Qxd2 Qxd2 36. Rxd2 Rb6 37. Rb2 Bc4 38. Kg1 Ra6 39. Rb1 Kg7 40. Bf1
Bxf1 41. Kxf1 Rb6 42. Rb2 Kf6 43. Ke2 Ke6 44. Kd3 Kd5 45. h4 h5 46. Ke3 Kc4 47.
Kd2 Kd4 0-1

[Event "Krajský pøebor jednotlivcù KHŠS 2014"]
[Site "Janske Lazne"]
[Date "2014.05.07"]
[Round "3.3"]
[White "Vojta, Tomas"]
[Black "Pychova, Nela"]
[Result "1-0"]
[WhiteElo "2361"]
[BlackElo "2034"]
[PlyCount "63"]
[EventDate "2014.05.06"]

1. e4 c5 2. Nc3 Nc6 3. f4 e6 4. Nf3 Nge7 5. g3 d5 6. d3 b6 7. Bg2 dxe4 8. Nxe4
Bb7 9. O-O Nf5 10. g4 Nd6 11. Qe1 Be7 12. Ng3 Qc7 13. Be3 Nb4 14. Qf2 Nd5 15.
Bd2 O-O-O 16. a3 h5 17. Nxh5 g6 18. Ng3 Bh4 19. c4 Ne7 20. b4 g5 21. bxc5 bxc5
22. Rab1 Rdg8 23. fxg5 Ng6 24. Nxh4 Nxh4 25. Bxb7+ Nxb7 26. Qxf7 Rf8 27. Qxe6+
Kb8 28. Rxb7+ Kxb7 29. Rb1+ Qb6 30. Rxb6+ axb6 31. Qe4+ Ka7 32. Nf5 1-0

[Event "Krajský pøebor jednotlivcù KHŠS 2014"]
[Site "Janske Lazne"]
[Date "2014.05.07"]
[Round "3.4"]
[White "Karlik, Vladimir"]
[Black "Safarik, Jakub"]
[Result "1-0"]
[WhiteElo "2271"]
[BlackElo "2112"]
[PlyCount "29"]
[EventDate "2014.05.06"]

1. d4 g6 2. e4 Bg7 3. Nc3 c5 4. dxc5 Qa5 5. Bd2 Qxc5 6. Nd5 Na6 7. Be3 Qc6 8.
Nf3 Bxb2 9. Rb1 Bc3+ 10. Nd2 Nc7 11. Nxc3 Qxc3 12. Bd3 Ne6 13. O-O Nf6 14. Nc4
Nh5 15. e5 1-0

[Event "Krajský pøebor jednotlivcù KHŠS 2014"]
[Site "Janske Lazne"]
[Date "2014.05.07"]
[Round "3.5"]
[White "Framberk, Jan"]
[Black "Jedlicka, Lubos"]
[Result "0-1"]
[WhiteElo "2032"]
[BlackElo "2230"]
[PlyCount "68"]
[EventDate "2014.05.06"]

1. e4 c5 2. Nf3 d6 3. d4 cxd4 4. Nxd4 Nf6 5. Nc3 g6 6. Be3 Bg7 7. Qd2 Ng4 8.
Bg5 h6 9. Bh4 O-O 10. h3 Nf6 11. Bc4 Qa5 12. Bxf6 Bxf6 13. Nb3 Qc7 14. Bd3 Be6
15. Qxh6 Bxc3+ 16. bxc3 Qxc3+ 17. Ke2 Nc6 18. Qd2 Qf6 19. Rhe1 a5 20. a4 Bxb3
21. cxb3 Nd4+ 22. Kf1 Nxb3 23. Qa2 Nxa1 24. Rxa1 Rac8 25. Rb1 Rc3 26. Qd5 Rfc8
27. Rxb7 Rc1+ 28. Ke2 R8c2+ 29. Bxc2 Rxc2+ 30. Kd1 Qxf2 31. Rb8+ Kh7 32. Qd3
Ra2 33. Qc3 Qf1+ 34. Qe1 Qd3+ 0-1

[Event "Krajský pøebor jednotlivcù KHŠS 2014"]
[Site "Janske Lazne"]
[Date "2014.05.07"]
[Round "3.6"]
[White "Tazlar, Petr"]
[Black "Pavlicek, Miroslav"]
[Result "1/2-1/2"]
[WhiteElo "2200"]
[BlackElo "2022"]
[PlyCount "34"]
[EventDate "2014.05.06"]

1. d4 Nf6 2. c4 e6 3. Nc3 Bb4 4. Qc2 O-O 5. e3 b6 6. Bd2 Bxc3 7. Bxc3 Bb7 8.
Nf3 Ne4 9. Bd3 f5 10. O-O-O Nxc3 11. Qxc3 Qf6 12. Be2 d6 13. g3 Nd7 14. Rhe1
Qh6 15. h4 Nf6 16. Rf1 Ne4 17. Qa3 a5 1/2-1/2

[Event "Krajský pøebor jednotlivcù KHŠS 2014"]
[Site "Janske Lazne"]
[Date "2014.05.07"]
[Round "3.7"]
[White "Pycha, Patrik"]
[Black "Haman, Jakub"]
[Result "0-1"]
[WhiteElo "2013"]
[BlackElo "2151"]
[PlyCount "70"]
[EventDate "2014.05.06"]

1. e4 d6 2. d4 Nf6 3. Nc3 g6 4. Be3 c6 5. f3 Nbd7 6. Qd2 b5 7. a3 Bg7 8. Nge2
Nb6 9. b3 h5 10. Rd1 Bb7 11. h4 a6 12. g3 Qc7 13. Bh3 c5 14. dxc5 dxc5 15. O-O
O-O 16. Bh6 b4 17. Nb1 a5 18. Bxg7 Kxg7 19. axb4 cxb4 20. c3 Rfd8 21. Qe3 Ba6
22. Kh2 a4 23. cxb4 Qc2 24. Rde1 axb3 25. Qxb6 Bxe2 26. Rf2 Rd1 27. Rexe2 Qxb1
28. Bg2 Ra1 29. Kh3 Rh1+ 30. Bxh1 Qxh1+ 31. Rh2 Qf1+ 32. Rhg2 Qxf3 33. Qd4 Rh1+
34. Rh2 Qg4+ 35. Kg2 Rxh2+ 0-1

[Event "Krajský pøebor jednotlivcù KHŠS 2014"]
[Site "Janske Lazne"]
[Date "2014.05.07"]
[Round "3.8"]
[White "Stradej, Vlastimil"]
[Black "Cap, Adam"]
[Result "1/2-1/2"]
[WhiteElo "1993"]
[BlackElo "2134"]
[PlyCount "34"]
[EventDate "2014.05.06"]

1. d4 Nf6 2. c4 c5 3. d5 g6 4. Nc3 Bg7 5. e4 d6 6. Be2 O-O 7. Nf3 e6 8. O-O
exd5 9. cxd5 Re8 10. Nd2 Na6 11. h3 Nc7 12. a4 Na6 13. Bf3 Nd7 14. Be2 Nb4 15.
Ra3 Ne5 16. Nf3 Bd7 17. Bf4 a6 1/2-1/2

[Event "Krajský pøebor jednotlivcù KHŠS 2014"]
[Site "Janske Lazne"]
[Date "2014.05.07"]
[Round "3.9"]
[White "Kaderabek, Jiri"]
[Black "Ptacek, Tomas"]
[Result "1/2-1/2"]
[WhiteElo "2123"]
[BlackElo "1996"]
[PlyCount "46"]
[EventDate "2014.05.06"]

1. e4 e6 2. d4 d5 3. Nc3 Nf6 4. Bg5 dxe4 5. Nxe4 Be7 6. Bxf6 gxf6 7. Nf3 f5 8.
Nc5 b6 9. Nd3 Bb7 10. Nde5 Qd5 11. Bc4 Qe4+ 12. Qe2 Rg8 13. Bd3 Qxe2+ 14. Kxe2
a6 15. Rhg1 Nc6 16. Nxc6 Bxc6 17. h3 h5 18. Rad1 Bxf3+ 19. Kxf3 c6 20. Rge1 b5
21. c4 Kf8 22. b3 Kg7 23. Re2 Kf6 1/2-1/2

[Event "Krajský pøebor jednotlivcù KHŠS 2014"]
[Site "Janske Lazne"]
[Date "2014.05.07"]
[Round "3.10"]
[White "Kozusek, Daniel"]
[Black "Tobiskova, Petra"]
[Result "1-0"]
[WhiteElo "2084"]
[BlackElo "1591"]
[PlyCount "63"]
[EventDate "2014.05.06"]

1. d4 Nf6 2. c4 e6 3. g3 d5 4. Nf3 c6 5. Bg2 Nbd7 6. O-O Be7 7. Nc3 O-O 8. b3
b6 9. Bb2 Bb7 10. Qc2 h6 11. Rad1 Rc8 12. e4 dxc4 13. bxc4 Qc7 14. e5 Nh7 15.
Ne4 c5 16. d5 exd5 17. cxd5 Qb8 18. Qc3 Rfd8 19. Rfe1 b5 20. Bh3 b4 21. Qc1 Qa8
22. e6 fxe6 23. Bxe6+ Kh8 24. Qxh6 Ndf6 25. Bxf6 Bxf6 26. Qh5 Rc7 27. Nfg5 Bxg5
28. Nxg5 g6 29. Qxg6 Nxg5 30. Qxg5 Rg7 31. Qh6+ Rh7 32. Qf6+ 1-0

[Event "Krajský pøebor jednotlivcù KHŠS 2014"]
[Site "Janske Lazne"]
[Date "2014.05.07"]
[Round "3.11"]
[White "Stanek, Petr"]
[Black "Vavrinec, Tomas"]
[Result "1-0"]
[WhiteElo "1911"]
[BlackElo "2025"]
[PlyCount "61"]
[EventDate "2014.05.06"]

1. e4 e6 2. d4 d5 3. Nc3 Bb4 4. a3 Bxc3+ 5. bxc3 Ne7 6. Bd3 c5 7. e5 Nbc6 8.
Nf3 Qa5 9. Bd2 c4 10. Be2 Qa4 11. O-O Bd7 12. Bg5 Ng6 13. Qd2 h6 14. Be3 O-O-O
15. Rfb1 Nge7 16. Qc1 Rdg8 17. Qb2 b6 18. Ra2 Be8 19. Qa1 f6 20. Rb4 Qa6 21.
Nd2 Na5 22. Qb1 f5 23. Ra1 g5 24. Nb3 Nb7 25. Qf1 f4 26. Bd2 Na5 27. Nxa5 Qxa5
28. a4 Nc6 29. Rb5 Qa6 30. Bxc4 Na5 31. Rc5+ 1-0

[Event "Krajský pøebor jednotlivcù KHŠS 2014"]
[Site "Janske Lazne"]
[Date "2014.05.07"]
[Round "3.12"]
[White "Kucera, Tomas"]
[Black "Kotyza, Bohumil"]
[Result "1-0"]
[WhiteElo "2024"]
[BlackElo "1905"]
[PlyCount "55"]
[EventDate "2014.05.06"]

1. e4 e6 2. d3 d5 3. Nd2 c5 4. Ngf3 Nc6 5. g3 Nf6 6. Bg2 Be7 7. O-O Qb6 8. Qe2
O-O 9. e5 Nd7 10. Re1 Qc7 11. Nf1 b5 12. h4 Nd4 13. Nxd4 cxd4 14. Bf4 Re8 15.
Nh2 Bb7 16. Rac1 Nb6 17. Qg4 Na4 18. h5 Nxb2 19. Bh6 Bf8 20. Bxg7 Bxg7 21. h6
f5 22. exf6 Qf7 23. fxg7 Qf6 24. Qh3 Na4 25. Ng4 Qg5 26. f4 Qg6 27. Bf3 Re7 28.
Qh4 1-0

[Event "Krajský pøebor jednotlivcù KHŠS 2014"]
[Site "Janske Lazne"]
[Date "2014.05.07"]
[Round "3.13"]
[White "Smolej, Lukas"]
[Black "Portych, Vaclav"]
[Result "1-0"]
[WhiteElo "2014"]
[BlackElo "1818"]
[PlyCount "45"]
[EventDate "2014.05.06"]

1. d4 Nf6 2. Nc3 d5 3. Bg5 e6 4. e4 dxe4 5. Nxe4 Be7 6. Bxf6 Bxf6 7. Nf3 O-O 8.
c3 h6 9. Bd3 Nd7 10. Qe2 Be7 11. O-O-O c6 12. h4 b5 13. g4 g6 14. g5 h5 15. Ng3
Kg7 16. Ne5 Nxe5 17. Qxe5+ Kg8 18. Nxh5 gxh5 19. Qe4 Bxg5+ 20. hxg5 Qxg5+ 21.
f4 f5 22. Qf3 Qf6 23. Qxc6 1-0

[Event "Krajský pøebor jednotlivcù KHŠS 2014"]
[Site "Janske Lazne"]
[Date "2014.05.07"]
[Round "3.14"]
[White "Peniska, Pavel"]
[Black "Rusnak, Jan"]
[Result "0-1"]
[WhiteElo "1905"]
[BlackElo "1991"]
[PlyCount "98"]
[EventDate "2014.05.06"]

1. e4 Nf6 2. e5 Nd5 3. d4 d6 4. c4 Nb6 5. exd6 cxd6 6. h3 g6 7. Nf3 Bg7 8. Be2
O-O 9. Nc3 e5 10. O-O Nc6 11. Be3 f5 12. d5 Ne7 13. Bg5 h6 14. Bxe7 Qxe7 15.
Rc1 e4 16. Nd4 f4 17. f3 e3 18. Ne4 Bf5 19. Nxf5 gxf5 20. Nc3 Rf6 21. Bd3 Raf8
22. Ne2 Qe5 23. Qe1 h5 24. Qc3 Qe7 25. Qc2 Bh6 26. Nd4 Qe5 27. Ne6 Rc8 28. Qe2
Nd7 29. b4 b6 30. Rfe1 Nf8 31. Nxf8 Kxf8 32. Qc2 Bg5 33. Re2 Bh4 34. Qb2 Qe7
35. Qd4 Bf2+ 36. Kh1 Qg7 37. Qxf4 Ke7 38. Rf1 Kd7 39. Bxf5+ Kc7 40. Qd4 Rg8 41.
g4 Qg5 42. c5 Rxf5 43. Rfxf2 exf2 44. cxb6+ Kb7 45. Rxf2 hxg4 46. Rc2 gxh3 47.
bxa7 Qg2+ 48. Rxg2 hxg2+ 49. Kg1 Rxf3 0-1

[Event "Krajský pøebor jednotlivcù KHŠS 2014"]
[Site "Janske Lazne"]
[Date "2014.05.07"]
[Round "3.15"]
[White "Matejovsky, Ondrej"]
[Black "Martinovsky, Miroslav"]
[Result "1/2-1/2"]
[WhiteElo "1988"]
[BlackElo "1812"]
[PlyCount "119"]
[EventDate "2014.05.06"]

1. e4 c6 2. d4 d5 3. exd5 cxd5 4. c3 Nf6 5. Bd3 g6 6. Nf3 Nc6 7. O-O Bg7 8. h3
O-O 9. Bf4 Qb6 10. Qb3 Qxb3 11. axb3 Bf5 12. Bb5 Rfc8 13. Nbd2 a6 14. Bxc6 Rxc6
15. Ne5 Rcc8 16. b4 Nd7 17. Nxd7 Bxd7 18. Nb3 b6 19. Rfe1 e6 20. Be5 Bxe5 21.
dxe5 Bc6 22. Nd4 Bb7 23. f4 Rc7 24. Kf2 Rcc8 25. Ke3 Kf8 26. g4 Ke7 27. Rf1 Rg8
28. Rf3 h5 29. Raf1 hxg4 30. hxg4 Raf8 31. f5 gxf5 32. gxf5 Bc8 33. fxe6 fxe6
34. Rxf8 Rxf8 35. Rh1 Bd7 36. Ra1 Ra8 37. b5 a5 38. Rh1 Rf8 39. Nc6+ Bxc6 40.
bxc6 Rc8 41. Rh7+ Kd8 42. Rd7+ Ke8 43. Rd6 Ke7 44. Kd4 Rd8 45. c7 Rc8 46. Rc6
Kd7 47. Rd6+ Ke7 48. Rxb6 Rxc7 49. Rb5 Rc4+ 50. Kd3 a4 51. Rb7+ Kd8 52. Rh7 Ke8
53. Kc2 Kd8 54. Ra7 Re4 55. Kd3 Rc4 56. Rh7 Re4 57. Kc2 Rc4 58. Kb1 Re4 59. Rh5
Kd7 60. Kc2 1/2-1/2

[Event "Krajský pøebor jednotlivcù KHŠS 2014"]
[Site "Janske Lazne"]
[Date "2014.05.07"]
[Round "3.16"]
[White "Jina, Lubos"]
[Black "Sedivy, Martin"]
[Result "1-0"]
[WhiteElo "1809"]
[BlackElo "1963"]
[PlyCount "111"]
[EventDate "2014.05.06"]

1. d4 Nf6 2. Nf3 e6 3. e3 b6 4. Be2 Bb7 5. O-O d6 6. c4 Nbd7 7. Nc3 Be7 8. b3
O-O 9. Bb2 Ne4 10. Nxe4 Bxe4 11. Nd2 Bb7 12. Bf3 Bxf3 13. Nxf3 Bf6 14. Qc2 d5
15. cxd5 exd5 16. Rac1 c5 17. dxc5 Nxc5 18. Bxf6 Qxf6 19. Rfd1 Rfd8 20. Qc3
Rac8 21. Qxf6 gxf6 22. Kf1 Rc7 23. b4 Ne6 24. Rxc7 Nxc7 25. Rc1 Rd7 26. Nd4 Ne6
27. Nf5 Rc7 28. Rxc7 Nxc7 29. Ke2 Kf8 30. Kd3 Ne6 31. Nd4 Ke8 32. Nb5 a6 33.
Nd6+ Ke7 34. Nc8+ Kd7 35. Nxb6+ Kc6 36. Na4 Kb5 37. Nc3+ Kxb4 38. Nxd5+ Ka3 39.
h4 a5 40. Nc3 Kb4 41. Kc2 f5 42. Nd5+ Ka3 43. Nc3 Nc5 44. Kb1 Nd3 45. f4 Ne1
46. g3 Kb4 47. Nd5+ Kc5 48. Nf6 Ng2 49. Nxh7 Nxe3 50. Nf6 Nf1 51. h5 Nd2+ 52.
Kc2 Ne4 53. Nxe4+ fxe4 54. h6 e3 55. h7 e2 56. Kd2 1-0

[Event "Krajský pøebor jednotlivcù KHŠS 2014"]
[Site "Janske Lazne"]
[Date "2014.05.07"]
[Round "3.17"]
[White "Nosek, Jan"]
[Black "Plchot, Miroslav"]
[Result "1-0"]
[WhiteElo "1770"]
[BlackElo "1932"]
[PlyCount "57"]
[EventDate "2014.05.06"]

1. e4 c5 2. Nf3 Nc6 3. Nc3 d6 4. d4 cxd4 5. Nxd4 g6 6. Be3 Bg7 7. f3 a6 8. Qd2
Bd7 9. Nd5 Nf6 10. Nxc6 bxc6 11. Bb6 Qb8 12. Nc7+ Kf8 13. Nxa8 Qxa8 14. Bd4 c5
15. Be3 h5 16. O-O-O Kg8 17. Qa5 Kh7 18. Qxa6 Qb8 19. c3 Rc8 20. Bc4 Rc7 21.
Bxf7 Bb5 22. Qa3 Ra7 23. Qb3 Rb7 24. Qc2 c4 25. e5 dxe5 26. Qxg6+ Kh8 27. Bh6
Bxh6+ 28. Qxh6+ Nh7 29. Bg6 1-0

[Event "Krajský pøebor jednotlivcù KHŠS 2014"]
[Site "Janske Lazne"]
[Date "2014.05.07"]
[Round "3.18"]
[White "Chalupecky, Vladimir"]
[Black "Havelka, Petr"]
[Result "1/2-1/2"]
[WhiteElo "2006"]
[BlackElo "1871"]
[PlyCount "85"]
[EventDate "2014.05.06"]

1. e4 d5 2. exd5 Qxd5 3. d4 Nf6 4. c4 Qd8 5. Nc3 c6 6. Be2 Bf5 7. Nf3 e6 8. Nh4
Bg6 9. Be3 Bb4 10. Nxg6 hxg6 11. Qb3 Bxc3+ 12. Qxc3 Nbd7 13. Bf3 O-O 14. h4 a5
15. g4 a4 16. Qc2 e5 17. O-O-O exd4 18. Rxd4 Qa5 19. g5 Ne5 20. gxf6 Nxf3 21.
fxg7 Kxg7 22. h5 Rh8 23. Rf4 Rxh5 24. Rxh5 Qxh5 25. Qe4 Qh1+ 26. Kc2 Ne1+ 27.
Kc3 Qxe4 28. Rxe4 Nf3 29. Re7 b5 30. Rc7 bxc4 31. Rxc6 a3 32. Rxc4 axb2 33.
Kxb2 Kf8 34. a4 Ne5 35. Bc5+ Kg8 36. Rc3 Rxa4 37. Bd6 f6 38. Kc1 Kf7 39. Bxe5
fxe5 40. Kd2 Kf6 41. Ke3 Kf5 42. f3 g5 43. Rc8 1/2-1/2

[Event "Krajský pøebor jednotlivcù KHŠS 2014"]
[Site "Janske Lazne"]
[Date "2014.05.07"]
[Round "3.19"]
[White "Laloucek, Miroslav"]
[Black "Peroutka, Ivo"]
[Result "0-1"]
[WhiteElo "1812"]
[BlackElo "1938"]
[PlyCount "90"]
[EventDate "2014.05.06"]

1. Nf3 Nf6 2. b3 d5 3. Bb2 Bf5 4. e3 e6 5. d4 Nbd7 6. Bd3 Bg6 7. Bxg6 hxg6 8.
Nbd2 Bd6 9. Ne5 c6 10. Ndf3 Qc7 11. Qe2 Ne4 12. a3 a5 13. O-O-O Ndf6 14. Nd2
Qe7 15. f3 Nxd2 16. Kxd2 Bxa3 17. Bxa3 Qxa3 18. Ke1 a4 19. bxa4 Rxa4 20. Kf2
O-O 21. Rb1 Qe7 22. Rb2 Qc7 23. Rhb1 b5 24. g3 Rfa8 25. h4 Nd7 26. Nd3 Rc4 27.
f4 Nf6 28. Nc5 Ra3 29. Rb3 Ra2 30. Rc1 Qa7 31. g4 Ra1 32. Rbb1 Rxb1 33. Rxb1
Qa2 34. Rc1 Qb2 35. Qd1 Nxg4+ 36. Kf3 Nf6 37. Nd3 Qc3 38. Ne5 Ra4 39. Qg1 Ra3
40. Nd3 b4 41. Qh2 b3 42. f5 bxc2 43. fxg6 fxg6 44. Rg1 Qxd3 45. Qe5 Qe4+ 0-1

[Event "Krajský pøebor jednotlivcù KHŠS 2014"]
[Site "Janske Lazne"]
[Date "2014.05.07"]
[Round "3.20"]
[White "Rojikova, Lenka"]
[Black "Vystrcil, Martin"]
[Result "1-0"]
[WhiteElo "1935"]
[BlackElo "1794"]
[PlyCount "105"]
[EventDate "2014.05.06"]

1. e4 Nf6 2. e5 Nd5 3. d4 d6 4. Bc4 Nb6 5. Bb3 dxe5 6. Qh5 e6 7. dxe5 Nc6 8.
Nf3 g6 9. Qg4 h6 10. Nc3 Bd7 11. Qe4 Bg7 12. h4 Qe7 13. Bf4 O-O-O 14. O-O-O Na5
15. Bg3 Bc6 16. Qe2 Nxb3+ 17. cxb3 Qc5 18. Kb1 Bxf3 19. Qxf3 Qe7 20. Rc1 Nd5
21. Nb5 a6 22. Nd6+ Kb8 23. Ne4 Rhf8 24. Qe2 Rc8 25. Rhd1 Rfd8 26. Nc5 Nb6 27.
Qe4 Rd5 28. Qb4 Bf8 29. Rxd5 exd5 30. Qd4 Nd7 31. Nd3 Bg7 32. Qxd5 Rd8 33. Qe4
Nf6 34. Qc4 Nh5 35. Bh2 Rc8 36. Nc5 Ka8 37. Qe4 c6 38. Na4 Re8 39. Nb6+ Ka7 40.
Nc4 c5 41. Re1 Qe6 42. Nd6 Re7 43. g4 f5 44. gxf5 gxf5 45. Qxf5 Qxd6 46. exd6
Rxe1+ 47. Kc2 Nf6 48. Qxc5+ Ka8 49. d7 Nxd7 50. Qc8+ Ka7 51. Qxd7 Bf6 52. Bf4
Re2+ 53. Kd3 1-0

[Event "Krajský pøebor jednotlivcù KHŠS 2014"]
[Site "Janske Lazne"]
[Date "2014.05.07"]
[Round "3.21"]
[White "Svec, Ludek"]
[Black "Dungl, Petr"]
[Result "1/2-1/2"]
[WhiteElo "1749"]
[BlackElo "1889"]
[PlyCount "28"]
[EventDate "2014.05.06"]

1. Nf3 Nf6 2. g3 d5 3. c4 e6 4. Bg2 Be7 5. O-O O-O 6. b3 c6 7. Bb2 Nbd7 8. Qc2
h6 9. d3 Nh7 10. Nbd2 Bf6 11. d4 Be7 12. e4 dxe4 13. Nxe4 Nhf6 14. Nxf6+ Nxf6
1/2-1/2

[Event "Krajský pøebor jednotlivcù KHŠS 2014"]
[Site "Janske Lazne"]
[Date "2014.05.07"]
[Round "3.22"]
[White "Mares, Ilja"]
[Black "Bradac, Daniel"]
[Result "1/2-1/2"]
[WhiteElo "1786"]
[BlackElo "1947"]
[PlyCount "103"]
[EventDate "2014.05.06"]

1. c4 Nf6 2. Nc3 g6 3. e4 d6 4. d4 Bg7 5. Be2 O-O 6. Nf3 Nbd7 7. h3 e5 8. dxe5
dxe5 9. Be3 c6 10. O-O Qe7 11. Qc2 Nc5 12. Rad1 Nh5 13. b4 Ne6 14. c5 Nef4 15.
Kh2 f5 16. Ng1 Nxe2 17. Ncxe2 f4 18. Bc1 g5 19. f3 Nf6 20. Nc3 g4 21. fxg4 Bxg4
22. Rd3 Be6 23. Nce2 Nh5 24. Rdf3 Rf6 25. g4 fxg3+ 26. Nxg3 Nxg3 27. Kxg3 Kh8
28. Kh2 Rg6 29. Rg3 Rxg3 30. Kxg3 Bf6 31. Kh2 Rg8 32. Rf2 Bg5 33. a3 Bxc1 34.
Qxc1 Qg7 35. Ne2 Bxh3 36. Qe3 Bf1 37. Ng3 Bc4 38. Qf3 Qg5 39. Qf6+ Rg7 40. Qxg5
Rxg5 41. Nf5 Be6 42. Nd6 Rh5+ 43. Kg2 Rg5+ 44. Kh2 Rh5+ 45. Kg2 Rh3 46. Rf6 Bg4
47. Rf7 Rxa3 48. Rxb7 Be6 49. Re7 Bh3+ 50. Kh2 Bf1 51. Nf7+ Kg8 52. Nxe5
1/2-1/2

[Event "Krajský pøebor jednotlivcù KHŠS 2014"]
[Site "Janske Lazne"]
[Date "2014.05.07"]
[Round "3.23"]
[White "Tsapanidis, Vasilis"]
[Black "Neubauer, Vilem"]
[Result "1-0"]
[WhiteElo "1779"]
[BlackElo "1840"]
[PlyCount "127"]
[EventDate "2014.05.06"]

1. e4 g6 2. d4 Bg7 3. f4 d6 4. Be2 Nf6 5. Nd2 Nc6 6. c3 e5 7. fxe5 dxe5 8. d5
Nb8 9. Ngf3 Nfd7 10. Qc2 O-O 11. O-O c6 12. dxc6 Nxc6 13. Nc4 b5 14. Nd6 Qb6+
15. Kh1 Nb4 16. Qd2 Ba6 17. cxb4 Rad8 18. Nxf7 Rxf7 19. Qe3 Qe6 20. Bd2 h6 21.
Rac1 Nf6 22. h3 Nh5 23. Kh2 Nf4 24. Bd1 Rd3 25. Bb3 Qd7 26. Bxf7+ Kxf7 27. Qe1
Kg8 28. Rc3 Rd6 29. Ng1 Rxd2 30. Rf2 Rd4 31. Rfc2 Ne6 32. Nf3 Rd1 33. Qe2 Bf8
34. a3 Bg7 35. Nd2 Ra1 36. Qg4 Qf7 37. Rc6 Nd4 38. Rc7 Qf4+ 39. Qxf4 exf4 40.
Rc1 Rxc1 41. Rxc1 Ne2 42. Re1 Nd4 43. e5 Ne6 44. Nf3 Bb7 45. Rd1 Bc8 46. Rd6
Bf8 47. Rd5 a6 48. b3 Kf7 49. Nd4 Nxd4 50. Rxd4 g5 51. a4 Ke6 52. Rd8 bxa4 53.
bxa4 Bxb4 54. Rxc8 a5 55. Rc6+ Kxe5 56. Rxh6 Kf5 57. Kg1 Bc3 58. Kf2 Bb4 59.
Kf3 Be1 60. Rb6 Bd2 61. Rb5+ Kf6 62. Kg4 Ke6 63. Rf5 Kd6 64. Kf3 1-0

[Event "Krajský pøebor jednotlivcù KHŠS 2014"]
[Site "Janske Lazne"]
[Date "2014.05.07"]
[Round "3.24"]
[White "Ruzickova, Radka"]
[Black "Sadil, Jan"]
[Result "1-0"]
[WhiteElo "1820"]
[BlackElo "1723"]
[PlyCount "111"]
[EventDate "2014.05.06"]

1. e4 e5 2. Nf3 Nc6 3. Bb5 a6 4. Ba4 Nge7 5. O-O g6 6. d3 Bg7 7. Bg5 b5 8. Bb3
O-O 9. Qd2 d6 10. Bd5 Bb7 11. a3 Kh8 12. Ba2 Qd7 13. Nc3 f5 14. Bh6 fxe4 15.
Bxg7+ Kxg7 16. dxe4 Rxf3 17. gxf3 Nd4 18. Kg2 Bc8 19. Qg5 Qh3+ 20. Kh1 Qxh2+
21. Kxh2 Nxf3+ 22. Kg3 Nxg5 23. f4 exf4+ 24. Rxf4 Be6 25. Bxe6 Nxe6 26. Rf2 Rf8
27. Rxf8 Kxf8 28. Nd5 Nxd5 29. exd5 Nd4 30. Rf1+ Kg7 31. Re1 Kf7 32. c3 Nf5+
33. Kf4 Ne7 34. Rd1 Kf6 35. b3 h5 36. c4 g5+ 37. Ke4 bxc4 38. bxc4 Ng6 39. c5
h4 40. cxd6 cxd6 41. Rb1 h3 42. Kf3 Ke5 43. Kg4 Kxd5 44. Kxh3 Kc5 45. Kg4 Ne5+
46. Kxg5 Nc4 47. Rb3 d5 48. Kf4 d4 49. Rh3 Nd2 50. Rh5+ Kc4 51. Ra5 d3 52. Rxa6
Nb1 53. Ke3 d2 54. Ke2 Kb3 55. Rb6+ Kc2 56. Rxb1 1-0

[Event "Krajský pøebor jednotlivcù KHŠS 2014"]
[Site "Janske Lazne"]
[Date "2014.05.07"]
[Round "3.25"]
[White "Mladek, Richard"]
[Black "Kabelka, Ondrej"]
[Result "0-1"]
[WhiteElo "1610"]
[BlackElo "1785"]
[PlyCount "38"]
[EventDate "2014.05.06"]

1. e4 e5 2. f4 exf4 3. Nf3 g5 4. h4 g4 5. Ne5 d6 6. Nxg4 Be7 7. d4 Bxh4+ 8. Nf2
Bg3 9. Be2 Qg5 10. Nc3 Nf6 11. Qd3 Nc6 12. a3 Rg8 13. Bf3 Bg4 14. Ne2 Bxf3 15.
Qxf3 O-O-O 16. Rh3 Bxf2+ 17. Kxf2 Nxe4+ 18. Qxe4 Rde8 19. Qf3 Rxe2+ 0-1

[Event "Krajský pøebor jednotlivcù KHŠS 2014"]
[Site "Janske Lazne"]
[Date "2014.05.08"]
[Round "4.1"]
[White "Moravec, Vit"]
[Black "Vojta, Tomas"]
[Result "0-1"]
[WhiteElo "2177"]
[BlackElo "2361"]
[PlyCount "50"]
[EventDate "2014.05.06"]

1. c4 Nc6 2. Nc3 e5 3. Nf3 f5 4. d3 d6 5. g3 g6 6. Bg2 Bg7 7. O-O Nf6 8. Rb1
O-O 9. b4 h6 10. b5 Ne7 11. a4 g5 12. Ba3 Be6 13. Nd2 Rb8 14. Nb3 b6 15. Na1
Qe8 16. Nc2 f4 17. Ne4 Nxe4 18. Bxe4 Bh3 19. Bg2 Qh5 20. Bxh3 Qxh3 21. Qe1 Nf5
22. Rb2 Rf7 23. e4 Nh4 24. gxh4 f3 25. Ne3 Rf4 0-1

[Event "Krajský pøebor jednotlivcù KHŠS 2014"]
[Site "Janske Lazne"]
[Date "2014.05.08"]
[Round "4.2"]
[White "Juptner, Jan"]
[Black "Karlik, Vladimir"]
[Result "1-0"]
[WhiteElo "2351"]
[BlackElo "2271"]
[PlyCount "51"]
[EventDate "2014.05.06"]

1. d4 d6 2. Nf3 Nf6 3. c4 Bf5 4. Nc3 g6 5. h3 Bg7 6. g4 Bc8 7. Bg2 O-O 8. Be3
Nbd7 9. Qd2 c5 10. d5 Nb6 11. b3 Ne4 12. Nxe4 Bxa1 13. Bh6 f5 14. Nc3 Rf6 15.
Qc1 Bxc3+ 16. Qxc3 Nd7 17. Bc1 fxg4 18. hxg4 Ne5 19. Ng5 Bxg4 20. f4 Nd7 21.
Rxh7 Nf8 22. Rh4 Bh5 23. Bb2 b5 24. f5 bxc4 25. fxg6 Bxg6 26. Qh3 1-0

[Event "Krajský pøebor jednotlivcù KHŠS 2014"]
[Site "Janske Lazne"]
[Date "2014.05.08"]
[Round "4.3"]
[White "Jedlicka, Lubos"]
[Black "Skrivanek, Jan"]
[Result "1-0"]
[WhiteElo "2230"]
[BlackElo "2168"]
[PlyCount "99"]
[EventDate "2014.05.06"]

1. c4 Nf6 2. g3 e6 3. Bg2 d5 4. Nf3 d4 5. d3 Nc6 6. O-O Be7 7. e4 e5 8. h3 h6
9. Nh2 g5 10. f4 gxf4 11. gxf4 exf4 12. Bxf4 Be6 13. e5 Nh7 14. b4 Rg8 15. Kh1
Qd7 16. b5 Na5 17. Qh5 O-O-O 18. Nd2 Nf8 19. Nb3 Bb4 20. Qf3 c5 21. Nxa5 Bxa5
22. Ng4 Bxg4 23. hxg4 Rxg4 24. e6 Rh4+ 25. Kg1 Nxe6 26. Bg3 Ng5 27. Qxb7+ Qxb7
28. Bxb7+ Kxb7 29. Bxh4 Rd7 30. Rf5 Bd2 31. Raf1 Kb6 32. Rf6+ Ka5 33. Bxg5 Bxg5
34. Rxf7 Rd6 35. Rxa7+ Kb4 36. a4 Kc3 37. a5 Kxd3 38. b6 Bd8 39. b7 Bc7 40. Ra8
Rg6+ 41. Kh1 Ke2 42. Rf7 Bg3 43. Re8+ Kd2 44. b8=Q Bxb8 45. Rxb8 Kc3 46. Rb6
Rg3 47. a6 Kxc4 48. a7 Ra3 49. Rb8 d3 50. a8=Q 1-0

[Event "Krajský pøebor jednotlivcù KHŠS 2014"]
[Site "Janske Lazne"]
[Date "2014.05.08"]
[Round "4.4"]
[White "Haman, Jakub"]
[Black "Tazlar, Petr"]
[Result "0-1"]
[WhiteElo "2151"]
[BlackElo "2200"]
[PlyCount "72"]
[EventDate "2014.05.06"]

1. e4 c5 2. Nf3 d6 3. d4 cxd4 4. Nxd4 Nf6 5. Nc3 a6 6. Be3 e5 7. Nb3 Be7 8. f3
Be6 9. Qd2 Nbd7 10. g4 b5 11. a4 b4 12. Nd5 Bxd5 13. exd5 Nb6 14. Bxb6 Qxb6 15.
a5 Qb7 16. Bc4 O-O 17. Ra4 Rab8 18. h3 Nd7 19. O-O f5 20. Qe2 e4 21. fxe4 fxe4
22. Qxe4 Rxf1+ 23. Bxf1 Ne5 24. Nd4 Rf8 25. Nf5 g6 26. Rxb4 Qa7+ 27. Qe3 Qxe3+
28. Nxe3 Bh4 29. Re4 Nf3+ 30. Kg2 Nd2 31. Re6 Rf2+ 32. Kh1 Nxf1 33. Ng2 Ng3+
34. Kh2 Ne2 35. Re3 Nf4 36. Re8+ Kf7 0-1